| 000 | 01025cam a2200325 i 4500 | ||
|---|---|---|---|
| 999 |
_c200442632 _d60844 |
||
| 003 | TR-AnTOB | ||
| 005 | 20221003084536.0 | ||
| 007 | ta | ||
| 008 | 070511s1987 tu 00000 tur | ||
| 040 |
_aTR-AnTOB _beng _erda _cTR-AnTOB |
||
| 041 | 0 | _atur | |
| 050 | 4 |
_aTS178 _b.D46 1987 |
|
| 090 |
_aTS178 _b.D46 1987 |
||
| 100 | 1 |
_aDemir, Mehmet Hulusi _eauthor _919633 |
|
| 245 | 1 | 0 |
_aFabrika yerleşim düzeni : _b(İşyeri düzeni) / _cM. Hulusi Demir. |
| 264 | 1 |
_aİzmir : _bDokuz Eylül Üniversitesi, _c1987. |
|
| 300 |
_a175 pages ; _c24 cm |
||
| 336 |
_2rdacontent _atext _btxt |
||
| 337 |
_2rdamedia _aunmediated _bn |
||
| 338 |
_2rdacarrier _avolume _bnc |
||
| 490 | 0 |
_aDokuz Eylül Üniversitesi yayınları ; _vno.0906.87.AR. 004.037 |
|
| 504 | _aBIB | ||
| 650 | 7 |
_aTesisat şeması _2etuturkob _921873 |
|
| 650 | 0 | 7 |
_aYöneylem araştırması _2etuturkob _95926 |
| 653 | _aFabrikalar--Yerleşim | ||
| 740 | 0 | 2 | _aİşyeri düzeni. |
| 942 |
_2lcc _cBK |
||